<?xml version="1.0" encoding="UTF-8"?><marc:collection xmlns:marc="http://www.loc.gov/MARC21/slim">
  <marc:record>
    <marc:leader>00000nam  2200000za 4500</marc:leader>
    <marc:controlfield tag="001">9.825442</marc:controlfield>
    <marc:controlfield tag="003">CaOODSP</marc:controlfield>
    <marc:controlfield tag="005">20241128084132</marc:controlfield>
    <marc:controlfield tag="007">cr |||||||||||</marc:controlfield>
    <marc:controlfield tag="008">161005s1949    oncao| #o    f000 0 fre d</marc:controlfield>
    <marc:datafield tag="040" ind1=" " ind2=" ">
      <marc:subfield code="a">CaOODSP</marc:subfield>
      <marc:subfield code="b">fre</marc:subfield>
    </marc:datafield>
    <marc:datafield tag="043" ind1=" " ind2=" ">
      <marc:subfield code="a">n-cn---</marc:subfield>
    </marc:datafield>
    <marc:datafield tag="086" ind1="1" ind2=" ">
      <marc:subfield code="a">A12-8/110-1949F-PDF</marc:subfield>
    </marc:datafield>
    <marc:datafield tag="245" ind1="0" ind2="3">
      <marc:subfield code="a">La luzerne pour le foin, l'ensilage et le pâturage </marc:subfield>
      <marc:subfield code="h">[ressource électronique] / </marc:subfield>
      <marc:subfield code="c">par les Divisions de plantes fourragères et de la grande culture, Ferme expérimentale centrale, Ottawa, Ontario et la Station expérimentale fédérale de Lethridge, Alberta.</marc:subfield>
    </marc:datafield>
    <marc:datafield tag="260" ind1=" " ind2=" ">
      <marc:subfield code="a">Ottawa : </marc:subfield>
      <marc:subfield code="b">Ministère de l'agriculture : </marc:subfield>
      <marc:subfield code="b">Service des fermes expérimentales, </marc:subfield>
      <marc:subfield code="c">1949.</marc:subfield>
    </marc:datafield>
    <marc:datafield tag="300" ind1=" " ind2=" ">
      <marc:subfield code="a">40 p. : </marc:subfield>
      <marc:subfield code="b">ill. </marc:subfield>
    </marc:datafield>
    <marc:datafield tag="490" ind1="1" ind2=" ">
      <marc:subfield code="a">Bulletin du cultivateur ; </marc:subfield>
      <marc:subfield code="v">110</marc:subfield>
    </marc:datafield>
    <marc:datafield tag="500" ind1=" " ind2=" ">
      <marc:subfield code="a">« Publié en mars 1949. Réimpression. »</marc:subfield>
    </marc:datafield>
    <marc:datafield tag="500" ind1=" " ind2=" ">
      <marc:subfield code="a">Éd. originale : 1942. </marc:subfield>
    </marc:datafield>
    <marc:datafield tag="500" ind1=" " ind2=" ">
      <marc:subfield code="a">Titre pris sur la couv.</marc:subfield>
    </marc:datafield>
    <marc:datafield tag="500" ind1=" " ind2=" ">
      <marc:subfield code="a">Publ. aussi en englais sur le titre: Alfalfa for hay, silage and pasture.</marc:subfield>
    </marc:datafield>
    <marc:datafield tag="500" ind1=" " ind2=" ">
      <marc:subfield code="a">Publication historique numérisée par Agriculture et Agroalimentaire Canada.</marc:subfield>
    </marc:datafield>
    <marc:datafield tag="505" ind1="2" ind2=" ">
      <marc:subfield code="a">Sommaire partiel : Introduction -- Adaptation au sol et au climat -- Description de la luzerne --Variétés de luzerne -- Essais de luzerne pour la production du foin -- Modes de culture de la luzerne -- Fanage et récolte -- Modes de récolte et outillage -- L'ensilage de la luzerne -- La luzerne comme plante à pâturage -- Production de graine de luzerne -- Luzerne en culture irriguée.</marc:subfield>
    </marc:datafield>
    <marc:datafield tag="520" ind1="0" ind2=" ">
      <marc:subfield code="a">« La luzerne possède de nombreuses qualités qui la mettent au premier rang de nos plantes fourragères. Elle produit beaucoup, et la haute valeur marchande de la récolte, soit directement sous forme de foin, soit indirectement sous forme de produits animaux, rapporte de beaux bénéfices annuels. Bien fait et bien séché, le foin de luzerne est un fourrage précieux en raison de sa richesse en protéines et en matières minérales. C'est une excellente plante à pâturage dans les districts où la météorisation (enflure de l'abdomen) n'est pas trop à redouter. En commun avec les autres légumineuses, elle a la faculté d'enrichir le sol en azote »--Introd., p. 3.</marc:subfield>
    </marc:datafield>
    <marc:datafield tag="692" ind1="0" ind2="7">
      <marc:subfield code="2">gccst</marc:subfield>
      <marc:subfield code="a">Cultures fourragères</marc:subfield>
    </marc:datafield>
    <marc:datafield tag="710" ind1="1" ind2=" ">
      <marc:subfield code="a">Canada. </marc:subfield>
      <marc:subfield code="b">Ministère de l'agriculture.</marc:subfield>
    </marc:datafield>
    <marc:datafield tag="710" ind1="1" ind2=" ">
      <marc:subfield code="a">Canada. </marc:subfield>
      <marc:subfield code="b">Service des fermes expérimentales.</marc:subfield>
    </marc:datafield>
    <marc:datafield tag="830" ind1="#" ind2="0">
      <marc:subfield code="a">Bulletin du cultivateur (Canada. Ministère de l'agriculture)</marc:subfield>
      <marc:subfield code="v">110</marc:subfield>
      <marc:subfield code="w">(CaOODSP)9.824046</marc:subfield>
    </marc:datafield>
    <marc:datafield tag="856" ind1="4" ind2="0">
      <marc:subfield code="q">PDF</marc:subfield>
      <marc:subfield code="s">6.60 Mo</marc:subfield>
      <marc:subfield code="u">https://publications.gc.ca/collections/collection_2016/aac-aafc/agrhist/A12-8-110-1949-fra.pdf</marc:subfield>
    </marc:datafield>
    <marc:datafield tag="986" ind1=" " ind2=" ">
      <marc:subfield code="a">Publication 735</marc:subfield>
    </marc:datafield>
  </marc:record>
</marc:collection>
